Formes des pays commençant par B. - Statistiques

Statistiques générales
  • Ce quiz a été pris 51 fois
  • Le résultat moyen est 13 sur 18
Statistiques - réponses
Par images Réponse % Correct
Bénin
93%
Brésil
91%
Bangladesh
84%
Birmanie
82%
Bahamas
80%
Belgique
78%
Bosnie-Herzégovine
78%
Barbade
69%
Botswana
69%
Bhoutan
67%
Brunei
67%
Burkina Faso
67%
Biélorussie
64%
Bulgarie
64%
Bolivie
60%
Bahrein
58%
Belize
56%
Burundi
53%
Aucun quiz correspondant
Distribution des résultats
% des personnes avec chaque résultat
Percentile par nombre de réponses
Votre historique - résultats
Vous n’avez pas pris ce quiz